=LDR 00000nam 2200000 4500 =001 INLIS000000001052532 =005 20240906074920 =035 ##$$a 0010-0924000071 =007 ta =008 240906################a##########j###### =020 ##$$a 978-89-6509-228-5 =082 ##$$a 028.55 =084 ##$$a 028.55 YOO a =100 #$$a Yoo Hyo-jin =245 1#$$a Ayam /$c Yoo Hyo-jin =260 ##$$a Gyeonggi-do :$b Tongkeun World,$c 2011 =300 ##$$a 27 hlm. : $b ilus. ; $c 22 cm =650 #4$$a Bacaan kanak-kanak =990 ##$$a 3202401927 =990 ##$$a 21110059